000 00391 a2200169 4500
001 71758
020 _a8526228722
040 _cAnchieta - Colégio São Paulo
100 _aLima, Edy
240 1 0 _aA escola nossa de cada dia
_lpor
245 1 0 _aA escola nossa de cada dia
300 _a23
362 0 _a1996
440 1 _aScipione
650 4 _aLiteratura infanto-juvenil
942 _cBK
999 _c71758
_d71758